COMPARISON OF PLANT SPACING ON PEANUT GROWTH AND YEILD IN ROYAL UNIVERSITY OF AGRICULTURE CONDITION ប្រៀធៀចន្លោះគុម្ពខុសគ្នាទៅលើការលូតលាស់និង ទិន្នផលដំណាំសណ្តែកជីក្នុងលក្ខខណ្ឌសាកលវិទ្យាល័យភូមិកសិកម្ម (Record no. 17751)

000 -LEADER
fixed length control field 00698nam a22001337a 4500
040 ## - CATALOGING SOURCE
Transcribing agency RUA
082 ## - DEWEY DECIMAL CLASSIFICATION NUMBER
Classification number AGR KEM 2015 B625 Or.01
100 ## - MAIN ENTRY--AUTHOR NAME
Personal name KEM RATHA កែម រដ្ឋា
245 ## - TITLE STATEMENT
Title COMPARISON OF PLANT SPACING ON PEANUT GROWTH AND YEILD IN ROYAL UNIVERSITY OF AGRICULTURE CONDITION ប្រៀធៀចន្លោះគុម្ពខុសគ្នាទៅលើការលូតលាស់និង ទិន្នផលដំណាំសណ្តែកជីក្នុងលក្ខខណ្ឌសាកលវិទ្យាល័យភូមិកសិកម្ម
260 ## - PUBLICATION, DISTRIBUTION, ETC. (IMPRINT)
Place of publication phnom penh
Name of publisher RUA
Year of publication 2015
300 ## - PHYSICAL DESCRIPTION
Number of Pages xi,27
Other physical details ill,
Dimensions 29cm,
856 ## - ELECTRONIC LOCATION AND ACCESS
Uniform Resource Identifier KEM RATHA
942 ## - ADDED ENTRY ELEMENTS (KOHA)
Koha item type AGR
952 ## - LOCATION AND ITEM INFORMATION (KOHA)
Withdrawn status [LOCAL, KOHA] 0
952 ## - LOCATION AND ITEM INFORMATION (KOHA)
Withdrawn status [LOCAL, KOHA] 0
952 ## - LOCATION AND ITEM INFORMATION (KOHA)
Withdrawn status [LOCAL, KOHA] 0
952 ## - LOCATION AND ITEM INFORMATION (KOHA)
Withdrawn status [LOCAL, KOHA] 0
952 ## - LOCATION AND ITEM INFORMATION (KOHA)
Withdrawn status [LOCAL, KOHA] 0
952 ## - LOCATION AND ITEM INFORMATION (KOHA)
Withdrawn status [LOCAL, KOHA] 0
Holdings
Permanent Location Date acquired Koha item type Lost status Shelving location Barcode Current Location Full call number
Library Block B2019-01-22AGR B625A41112Library Block BAGR KEM 2015 B625 Or.01
Library Block B2019-01-22AGR B625A39904Library Block BAGR KEM 2015 B625 Or.02
Library Block B2019-01-22AGR  A39829Library Block BAGR KEM 2015 B625 Or.013
Library Block B2019-01-22AGR B625A40214Library Block BAGR KEM 2015 B625 Or.04
Library Block B2019-01-22AGR B625A40225Library Block BAGR KEM 2015 B625 Or.05
Library Block B2019-01-22AGR  A40144Library Block BAGR KEM 2015 B625 Or.06
មជ្ឈមណ្ឌលឯការនៃសាកលវិទ្យាល័យភូមិន្ទកសិកម្មចំការដូង

Powered by Koha